00757nam a2200205Ia 4500003000900000008004100009040001600050080002300066245012800089260003900217300001500256650004100271650003100312650002500343650001800368700004000386942000700426999001500433952010300448IN-BaIIA211028s9999 xx 000 0 eng d cIIA Library a047.1:533.9bREV-1 0aReviews of plasma physicsbvol. 1, translated from Russian by Herbert Lashinskycedited by Mikhail Alexandrovich Leontovich aNew YorkbConsultants Bureauc1965 axii, 326p. aAstronomy and astrophysics Thesaurus aMagnetohydrodynamics91666 aPlasma physics93732 aPlasmas91898 aLeontovich, Acad. M. A., ed.910607 cBK c6134d6134 00104070aBANbBANcGENd1979-02-16l0o047.1:533.9/ REV-1p6846r2021-11-05w1979-02-16yBK 35